000 00340 a2200157 4500
001 71456
020 _a
040 _cAnchieta - Colégio São Paulo
100 _aCedraz, Antônio Luiz Ramos
240 1 0 _aXaxado Ano 1
_lpor
245 1 0 _aXaxado Ano 1
300 _a95
362 0 _a2003
650 4 _aLiteratura infantil
942 _cBK
999 _c71456
_d71456